| 000 | 00708nam a2200193 a 4500 | ||
|---|---|---|---|
| 003 | 0 | ||
| 005 | 20250225092810.0 | ||
| 008 | 111115s19uu xx 00 eng d | ||
| 050 |
_aPGS LB 2285 _b.T693 2011 |
||
| 100 | _aTorres, Juliana Elise M. | ||
| 245 |
_aPerceived weight and academic performance grade 6 students / _cJuliana Elise M. Torres. |
||
| 260 |
_aLas PiƱas City, Philippines : _bSouthville International School and Colleges, _c2011. |
||
| 300 |
_a26 pages : _billustrations ; _c28 cm. |
||
| 504 | _aIncludes bibliographical references. | ||
| 650 |
_aBody weight _vPsychological aspects. |
||
| 650 | _aAcademic achievement. | ||
| 650 | _aElementary school students. | ||
| 942 |
_2lcc _cPASS |
||
| 999 |
_c98699 _d98699 |
||